[Event "Kochan Memorial op 23rd"]
[Site "Koszalin"]
[Date "2012.08.17"]
[Round "8"]
[White "Dura, Rafal"]
[Black "Mucha, Krzysztof"]
[Result "1/2-1/2"]
[WhiteElo "1563"]
[BlackElo "1890"]
[PlyCount "93"]
[EventDate "2012.08.11"]
[EventType "swiss"]
[EventRounds "9"]
[EventCountry "POL"]
[SourceTitle "CBM 149 Extra"]
[Source "ChessBase"]
[SourceDate "2012.08.24"]
[SourceVersion "1"]
[SourceVersionDate "2012.08.24"]
[SourceQuality "1"]

1. e4 c5 2. Nf3 Nc6 3. Bc4 e6 4. Nc3 a6 5. a3 b5 6. Ba2 Bb7 7. d3 Qc7 8. Ne2 Nf6 9. Bf4 d6 10. Qd2 h6 11. h3 g5 12. Bh2 Bg7 13. Qe3 g4 14. Nh4 Nd7 15. c3 Bf6 16. Bg3 Bg5 17. f4 gxf3 18. Qxf3 Nce5 19. Bxe5 Nxe5 20. Qg3 Bxh4 21. Qxh4 Nxd3+ 22. Kd2 Ne5 23. Qf6 Rh7 24. Rae1 Qe7 25. Qxe7+ Kxe7 26. Ke3 a5 27. Rhf1 b4 28. a4 Ba6 29. Rf2 Bxe2 30. Rexe2 Rb8 31. b3 Rg7 32. c4 Rg3+ 33. Kd2 Rbg8 34. Re3 Rxg2 35. Rxg2 Rxg2+ 36. Re2 Rg8 37. Kc2 Rg3 38. Rh2 Nf3 39. Rh1 Rg2+ 40. Kb1 Nd2+ 41. Ka1 Nxe4 42. Bb1 Nc3 43. Rf1 f5 44. h4 Kf6 45. h5 Kg5 46. Bc2 Rxc2 47. Rxf5+ 1/2-1/2